Science Quiz

Random Science or Numbers Quiz

The Fewer Clues The Better: Science Edition Quiz Stats

 Plays Quiz Updated Jul 16, 2015

Challenge
Share
Tweet
Embed
Score 0/56 Timer 10:00
2 Plays Today
Clue Question/Answer % Correct
Question A???
100%
Clue A1???
91.7%
Question B???
90.7%
Answer A???
89.1%
Clue A5???
84.6%
Question C???
82.6%
Clue A4???
81.5%
Clue B1???
81.4%
Question D???
78.9%
Answer B???
78.2%
Clue A3???
76.7%
Answer C???
76.3%
Clue C1???
73.8%
Question F???
71%
Question E???
70.9%
Clue D1???
69.4%
Question G???
69.4%
Question H???
68.5%
Answer E???
68.5%
Answer H???
63.7%
Clue E1???
63.3%
Clue F1???
63.3%
Answer G???
63.2%
Clue E5???
62.5%
Answer F???
61.8%
Clue G1???
61.3%
Clue H1???
60.3%
Clue C5???
59.2%
Clue Question/Answer % Correct
Clue B5???
58.1%
Clue A2???
57%
Clue E4???
56.1%
Clue F5???
55.2%
Answer D???
54.8%
Clue H5???
54.2%
Clue F4???
53.6%
Clue B4???
48.2%
Clue C4???
46.9%
Clue F3???
46.6%
Clue G5???
43.1%
Clue H4???
40%
Clue F2???
36.1%
Clue E3???
34.4%
Clue D5???
33.7%
Clue H3???
31.8%
Clue B3???
29.4%
Clue D4???
28.7%
Clue D3???
25%
Clue G4???
22.4%
Clue B2???
21.8%
Clue H2???
21.7%
Clue E2???
20.5%
Clue G3???
17.6%
Clue C3???
17.5%
Clue D2???
14.3%
Clue C2???
11.4%
Clue G2???
8.8%

You're not logged in!

Compare scores with friends on all Sporcle quizzes.
Join for Free
OR
Log In

You Might Also Like...

Show Comments

Extras

Top Quizzes Today


Score Distribution

Your Account Isn't Verified!

In order to create a playlist on Sporcle, you need to verify the email address you used during registration. Go to your Sporcle Settings to finish the process.

Report this User

Report this user for behavior that violates our Community Guidelines.

Details: